Devine le monument - facile - Statistiques

Statistiques générales
  • Ce quiz a été pris 69 fois
  • Le résultat moyen est 5 sur 8
Statistiques - réponses
Par images Réponse % Correct
Tour Eiffel
97%
Arc de triomphe
95%
Taj Mahal
78%
Big Ben
62%
La Grande Muraille de Chine
60%
Machu Picchu
50%
Empire State Building
40%
Pyramide de Gizeh
38%
Aucun quiz correspondant
Distribution des résultats
% des personnes avec chaque résultat
Percentile par nombre de réponses
Votre historique - résultats
Vous n’avez pas pris ce quiz